[Event "GER-ch U18 sf Berlin Online"]
[Site "Playchess.com INT"]
[Date "2020.05.01"]
[Round "9"]
[White "Krueger, Ulf Benno"]
[Black "Reich, Elisabeth"]
[Result "1-0"]
[WhiteElo "1620"]
[BlackElo "1500"]
[PlyCount "57"]
[EventDate "2020.05.01"]
[EventType "swiss (blitz)"]
[EventRounds "13"]
[EventCountry "GER"]
[SourceTitle "CBM 195 Extra"]
[Source "ChessBase"]
[SourceDate "2020.05.31"]
[SourceVersion "1"]
[SourceVersionDate "2020.05.31"]
[SourceQuality "1"]

1. e4 c5 2. Nf3 d6 3. d4 cxd4 4. Nxd4 Nf6 5. Nc3 g6 6. f3 Bg7 7. Be3 0-0 8. Qd2 Nc6 9. 0-0-0 Bd7 10. Bh6 Nxd4 11. Bxg7 Kxg7 12. Qxd4 a6 13. g4 b5 14. g5 e5 15. gxf6+ Qxf6 16. Qxd6 Qxf3 17. Be2 Qe3+ 18. Kb1 Rfd8 19. Qxe5+ Kg8 20. Nd5 Qxe2 21. Nf6+ Kf8 22. Nxd7+ Kg8 23. Nf6+ Kf8 24. Nxh7+ Kg8 25. Nf6+ Kf8 26. Rc1 Qf3 27. Rhf1 Qe2 28. Nd5 Re8 29. Qh8# 1-0